Oxford school atlas for Pakistan / (Record no. 549470)

000 -LEADER
fixed length control field 00604cem a2200157 4500
082 00 - DEWEY DECIMAL CLASSIFICATION NUMBER
Classification number 912.5491
Author Mark OXF
-- D
110 2# - MAIN ENTRY--CORPORATE NAME
Corporate name or jurisdiction name as entry element Oxford University Press.
9 (RLIN) 11185
245 10 - TITLE STATEMENT
Title Oxford school atlas for Pakistan /
Statement of responsibility, etc. [prepared by the Cartographic Department of the Oxford University Press] ; advisory editors, Kazi S. Ahmand, Nafis Ahmad.
260 ## - PUBLICATION, DISTRIBUTION, ETC.
Place of publication, distribution, etc. Karachi :
Name of publisher, distributor, etc. Pakistan Branch, Oxford University Press,
Date of publication, distribution, etc. c1973.
300 ## - PHYSICAL DESCRIPTION
Extent 57 p. :
Other physical details col. maps ;
Dimensions 26 cm.
500 ## - GENERAL NOTE
General note Cover title.
526 ## - STUDY PROGRAM INFORMATION NOTE
Program name 0
Interest level 0
Reading level 0
Title point value 912_549100000000000_OXF
650 #0 - SUBJECT ADDED ENTRY--TOPICAL TERM
Topical term or geographic name entry element Atlases, Pakistani.
9 (RLIN) 46126
650 #0 - SUBJECT ADDED ENTRY--TOPICAL TERM
Topical term or geographic name entry element MCE
9 (RLIN) 379
942 ## - ADDED ENTRY ELEMENTS (KOHA)
Source of classification or shelving scheme
Koha item type Book
Holdings
Withdrawn status Lost status Source of classification or shelving scheme Damaged status Not for loan Permanent Location Current Location Date acquired Total Checkouts Full call number Barcode Date last seen Price effective from Koha item type
          Military College of Engineering (MCE) Military College of Engineering (MCE) 09/25/2014   912.5491 OXF MCE-41163 09/25/2014 09/25/2014 Book
© 2023 Central Library, National University of Sciences and Technology. All Rights Reserved.